Le décret de Saïs : Les steles de Thonis-Heracleion et de Naucratis /
Main Author:
Format: Book
Language: French
Published:
Cairo
Institut français d'archéologie orientale
2025
Series:
PalHiero ;
9
Subjects:
Tags: Add Tag
Call Number: (F)PJ1526 .I8 v.9
| LEADER | 00707nam a22001937a 4500 | ||
|---|---|---|---|
| 003 | OSt | ||
| 005 | 20260428131140.0 | ||
| 008 | 260428t9999||||ua ao |||||||||| ||fre|| | ||
| 020 | |a 9782724710960 | ||
| 050 | 1 | 4 | |a (F)PJ1526 |b .I8 v.9 |
| 100 | 0 | |a Anne-Sophie von Bomhard | |
| 245 | 1 | 0 | |a Le décret de Saïs : |c Anne-Sophie von Bomhard |b Les steles de Thonis-Heracleion et de Naucratis / |
| 264 | 1 | |a Cairo |b Institut français d'archéologie orientale |c 2025 | |
| 300 | |a 210 pages : |b illustrations, photographs ; |c 28 cm. | ||
| 490 | 0 | |a PalHiero ; |v 9 | |
| 650 | 4 | |a les stèles de Thônis-Héracléion et de Naucratis : paléographie | |
| 650 | 4 | |a Paléographie hiéroglyphique, 1687-501X | |
| 942 | |2 lcc |c BK | ||
| 999 | |c 61905 |d 61905 | ||
